000 00549nam a2200157 a 4500
001 000047030
005 20240304103305.0
008 180412s2001 dr r 000 0 spa d
040 _aDO-SdBNP
_bspa
_cBNPHU
082 _axxxx
_bR426n
110 1 _aRepública Dominicana.
_b Secretaría de Estado de Medio Ambiente y Recursos Naturales
_914503
245 1 0 _aNormas técnicas para planes de manejo forestal.
260 _aSanto Domingo :
_bsecretaría de estado de Medio Ambiente,
_c2001.
300 _a45 p. ;
_c22 cm.
590 _aInventariado, 2018/BT
999 _c46518
_d46518